000 00312nam a2200133Ia 4500
100 _aGroover/M.P.
942 _cBK
654 _acad
245 _aCAD/CAM:Computer-aided design and manufacturing
260 _bprentice hall
_aNew Delhi
_c1986
082 _a621.38195
_bGRO/Z
300 _a489
546 _aENGLISH
999 _c18805
_d18805